| 000 | 00383nam a2200145Ia 4500 | ||
|---|---|---|---|
| 008 | 240624s9999 xx 000 0 und d | ||
| 041 | _aeng | ||
| 082 | _a658.404 LEW | ||
| 100 | _aLEWIS JAMES P | ||
| 245 | _aPROJECT PLANNING SCHEDULING AND CONTROL | ||
| 250 | _a(5th ed.) | ||
| 260 |
_c2011 _aNew Delhi _bTata McGraw-Hill |
||
| 300 | _axv, : 570 : p. : cm. ; 26 | ||
| 365 |
_cRS _b33 |
||
| 999 |
_c25669 _d25669 |
||